Zooming In! Quiz Stats

 Plays Quiz Updated Mar 20, 2019

Score 0/10 Timer 02:00
2 Plays Today
Question Answer Wrong Answers
Scrap metal
97.2%
0.5%
1.2%
1%
Paper clips
96.4%
0.9%
0.7%
0.7%
Lego
96.2%
0.6%
0.6%
0.4%
Leaves
96%
0.5%
0.8%
1.7%
Bouquets
94.6%
1%
0.1%
4%
Crowd
93.7%
1.6%
0.8%
1.8%
Bookshelves
92%
3.7%
0.6%
3%
Clouds
91.3%
1.2%
2.7%
3.1%
Raindrops
84.9%
2.5%
2.7%
4.9%
Christmas Presents
81.1%
11.2%
0.6%
3.6%

You're not logged in!

Compare scores with friends on all Sporcle quizzes.
OR
Log In

Sporcle TV

Today on Sporcle TV


Watch our educational content, quiz creation guides, and fun videos on Sporcle TV.

Show Comments

Extras

Top Quizzes Today


Score Distribution

Your Account Isn't Verified!

In order to create a playlist on Sporcle, you need to verify the email address you used during registration. Go to your Sporcle Settings to finish the process.

Report this User

Report this user for behavior that violates our Community Guidelines.

Details: